000 00612nam a2200181 i 4500
001 20753
003 ES-MaACL
005 20250727021933.0
007 t|
008 021118s1893 be |||| | fre d
111 2 _aCongrés International d'Anthropologie Criminelle.
_9243
245 1 0 _aActes du troisieme Congrés International d'Antropologie Criminelle, Biologie et Sociologie
_b: tenu a Bruxelles en aout 1892.
260 _aBruxelles :
_bF. Hayez,
_c1893.
300 _aXLVIII, 525 p. ;
_c25 cm.
650 0 7 _aAntropología criminal
_2embne
_99866
852 _aES-MaACL
_jG-5306
999 _c20753
_d20753